Místo tanků stavební stroje. Náročný cíl - být nejlepším výrobcem buldozérů v zemích bývalé RVHP. Spolupráce s firmou Hanomag.

Konverzia strojárskeho priemyslu v ZŤS Martin. Znižovanie počtu výrobných divízií. Hľadanie náhradných výrobných programov. Kooperácia s nemeckou firmou Hanomag pri výrobe buldozérov a iných zemných strojov ako náhrada za výrobu tankov. Možnosť odbytu na Slovensku sondujú obchodní cestujúci. V ČR hľ...

Descrizione completa

Salvato in:
Dettagli Bibliografici
Autore principale: Pírek, I.
Natura: Capitolo di libro
Lingua:ceco
Soggetti:
Tags: Aggiungi Tag
Nessun Tag, puoi essere il primo ad aggiungerne!!

MARC

LEADER 00000naa a2200000 4500
001 r013162
005 20221213081131.2
041 0 |a cze 
044 |a CZ 
245 1 0 |a Místo tanků stavební stroje.  |b Náročný cíl - být nejlepším výrobcem buldozérů v zemích bývalé RVHP. Spolupráce s firmou Hanomag.  |c I. Pírek 
520 |a Konverzia strojárskeho priemyslu v ZŤS Martin. Znižovanie počtu výrobných divízií. Hľadanie náhradných výrobných programov. Kooperácia s nemeckou firmou Hanomag pri výrobe buldozérov a iných zemných strojov ako náhrada za výrobu tankov. Možnosť odbytu na Slovensku sondujú obchodní cestujúci. V ČR hľadanie klasického zahraničného zákazníka a generálneho zástupcu, ktorý by budoval odbytovú sieť. Úsilie ZŤS o úplné dosiahnutie konverzie. 
610 2 0 |a ZŤS Martin 
610 2 0 |a konverzia priemyslu 
610 2 0 |a priemysel zbrojársky 
610 2 0 |a stroje stavebné 
610 2 0 |a spolupráca podnikov 
610 2 0 |a Hanomag 
610 2 0 |a Nemecko 
610 2 0 |a odbyt 
100 1 |a Pírek, I.